| 000 | 01416cam a2200277 4500500 | ||
|---|---|---|---|
| 005 | 20251228065616.0 | ||
| 041 | _afre | ||
| 042 | _adc | ||
| 100 | 1 | 0 |
_aBenedetti, Agnès _eauthor |
| 245 | 0 | 0 | _aPeut-on poursuivre sa cure sous confinement ? Le désir en question |
| 260 | _c2021. | ||
| 500 | _a36 | ||
| 520 | _aDans cet article, je tente de rendre compte de ce que l’épreuve du confinement a pu produire de modification dans ma pratique et des questions éthiques, cliniques et techniques subséquentes. L’affaire s’ouvre par la question de l’acte, puisqu’il s’est agi de choisir entre suspendre les consultations ou les poursuivre à distance. Conséquemment ont eu à se traiter ce qui du dispositif de la cure a été bousculé et les effets sur la pratique, sur les cures en cours, résonnant aux questions politiques soulevées au cœur et à l’extérieur de la communauté des analystes. | ||
| 690 | _aActe | ||
| 690 | _adéplacement | ||
| 690 | _adésir | ||
| 690 | _adiscours et vérité | ||
| 690 | _adispositif | ||
| 690 | _apratique | ||
| 690 | _apsychanalyse et politique | ||
| 690 | _arêve | ||
| 690 | _asilence | ||
| 690 | _atéléconsultation | ||
| 786 | 0 | _nVST - Vie sociale et traitements | 149 | 1 | 2021-02-22 | p. 17-23 | 0396-8669 | |
| 856 | 4 | 1 | _uhttps://shs.cairn.info/revue-vie-sociale-et-traitements-2021-1-page-17?lang=fr&redirect-ssocas=7080 |
| 999 |
_c1591868 _d1591868 |
||